000 01048cam a22002774a 4500
999 _c5649
_d5649
003 OSt
005 20220511103216.0
008 030204s2003 stka b 001 0 eng
020 _a0750632119
040 _cDLC
042 _apcc
050 0 0 _aRM700
_b.T49 2003
245 0 0 _aTidy's physiotherapy.
250 _a13th ed. /
_bedited by Stuart B. Porter.
260 _aEdinburgh ;
_aNew York :
_bButterworth-Heinemann,
_c2003.
300 _axi, 578 p. :
_bill. ; 27 cm.
500 _aPrevious ed. entered under: Thomson, A. M. Tidy's physiotherapy. 1991.
504 _aIncludes bibliographical references and index.
650 0 _aPhysical therapy.
700 1 _aPorter, Stuart B.
700 1 _aThomson, A. M.
_q(Ann M.). Tidy's physiotherapy.
856 _uhttp://172.30.46.200/cgi-bin/koha/opac-retrieve-file.pl?id=54834caf247444e3969b28d07811f731
906 _a7
_bcbc
_corignew
_d1
_eocip
_f20
_gy-gencatlg
942 _2lcc
_cEB
_nMS